| 000 | 00503nam a2200169 a 4500 | ||
|---|---|---|---|
| 001 | 000027976 | ||
| 005 | 20200930031240.0 | ||
| 008 | 110406s2004 dr a 000 0 spa d | ||
| 020 | _a9789993433873 | ||
| 040 |
_aDO-SdBNP _bspa _cBNPHU |
||
| 100 | 1 |
_aAristy Rodríguez, Miguel _955037 |
|
| 245 | 1 | 3 |
_aLa libertad de ser. : _baclaración introductoria / _cMiguel Aristy Rodríguez. |
| 250 | _a2a. ed. | ||
| 260 |
_a[Santo Domingo], _c2004. _fMediabyte |
||
| 300 |
_a31 p. : _bil ; _c14 cm. |
||
| 049 | _aBNPD | ||
| 999 |
_c27468 _d27468 |
||